Регионална библиотека "Любен Каравелов" - Русе

Евреите (Запис номер 130840)

MARC детайли
000 -Лидер
Контролно поле с фиксирана дължина 01872nam a2200445 c 4500
003 - Код на организацията, давaща контролен номер
Контролно поле BLK
005 - Дата и час на последна редакция
Контролно поле 20180422111524.0
008 - Елементи от данни с фиксирана дължина
fixed length control field 180409b bul|||||r ||||||| ||bul||
010 ## - Наследен системен номер
LC control number KNG00136633000
020 ## - Международен стандартен номер на книга ISBN
Международен стандартен номер на книга ISBN 978-954-320-396-3
-- издат.: Рива
040 ## - Източник на каталожния запис
Идентификатор на билиотеката - собственик на записа BLK
041 ## - Код за език
Код за езика на текст/звукозапис или на отделно заглавие Български
Код за езика КДБФ Български
072 #7 - Код за тематичната категория
Код организация bullib
Код за тематична категория Н92
Текст История Н
080 ## - УДК
Текстов определител УДК История на еврейския народ
УДК код - определител по УДК 94(=411.16)
УДК определител
УДК - код + определител 94(=411.16)
080 ## - УДК
Текстов определител УДК Еврейска религия. Юдаизъм-Тора, пророци, Писания(Танах(Тенак)или Библия). Талмуд, Мидраш, Зоар(Устния закон). Секти(самаряни, фарисеи, садукеи, есейски и кумрански общини, прозелити. Халак
УДК код - определител по УДК 26
УДК определител
УДК - код + определител 26
100 1# - Редна дума - Автор
Автор Ансел, Стефан
Авторска отговорност първи автор
R(LIN) 32611
139 ## - Редно поле
Редна дума Ансел, Стефан
Авторски знак Анс - А 73
245 10 - Сведения за заглавието
Заглавие Евреите
Редно поле (дума) Стефан Ансел; прев. от фр. Георги Ангелов.
257 ## - Страна на издаване
Страна на създаване/издаване България
260 ## - Област на издателските данни
-- София
Име на издателя, разпространителя и проч. Рива
Година на издаване 2012
300 ## - Физическа характеристика
Страници 408 с.
Илюстрации и др. със сх., сн., табл.
Размери/Мащаб 23 см
380 ## - Жанр
Жанр Обществени науки
500 ## - Общи забележки
Забележка Ориг. загл. Les Hebreux / Stephane Encel. - Бел. под линия. - Библиогр. с. 399-403. - Съдържа и за авт.
650 #4 - Допълнително описание по предмет – тема
Основно описание – тема или топоним Юдаистика
9 (RLIN) 177985
650 #4 - Допълнително описание по предмет – тема
Основно описание – тема или топоним Юдаизъм
9 (RLIN) 177984
650 #4 - Допълнително описание по предмет – тема
Основно описание – тема или топоним Евреи
9 (RLIN) 154126
651 #4 - Допълнително описание по предмет - топоним
Географско понятие Израел
9 (RLIN) 178932
651 #4 - Допълнително описание по предмет - топоним
Географско понятие Палестина
9 (RLIN) 179329
653 ## - Ключова дума – ненормативна
Ключова дума евреи
653 ## - Ключова дума – ненормативна
Ключова дума юдаизъм
653 ## - Ключова дума – ненормативна
Ключова дума юдаистика
653 ## - Ключова дума – ненормативна
Ключова дума история
659 ## - Тематичен бюлетин
Тематичен бюлетин Н
700 1# - Други автори (авторска отговорност)
Лично име Ангелов, Георги
Автороска отговорност (Описва отношението между автора и произведението) прев. от фр.
9 (RLIN) 368651
852 ## - Местоположение
Форматна сигнатура Цб 257210
856 4# - Електронен адрес и достъп
Електронен формат pdf - файл
Път до файла /url/
856 4# - Електронен адрес и достъп
Електронен формат pdf - файл
Път до файла /url/
942 ## - АРТИКУЛИ
Вид на библиотечния материал Книги
Скрит в OPAC Не
944 ## - СЪЗДАВАНЕ И РЕДАКЦИЯ на ЗАПИСА
Създаване/Редакция Създаване
Дата на регистрацията/редакция 30.11.2012
Статус, дата на статуса ф /
Служител, извършил регистрацията/редакцията Людмила_Стоянова
944 ## - СЪЗДАВАНЕ И РЕДАКЦИЯ на ЗАПИСА
Създаване/Редакция Редакция
Дата на регистрацията/редакция 05.07.2013
Статус, дата на статуса ф /
Служител, извършил регистрацията/редакцията
999 ## - СИСТЕМНИ КОНТРОЛНИ НОМЕРА
Koha biblionumber 130840
Koha biblioitemnumber 130840
Наличности
Код за отписване Код за изгубен артикул Източник на класификационната схема Код за повреда Коз за рестрикции Код за отдаване Артикулен № Име на библиотеката - собственик Име на библиотеката, в която се намира в момента Статус (Текущо местоположение) Дата на вписване в системата Местоположение - отдел Цена в лева Инвентарен номер Систематично азбучна сигнатура Баркод Номер на екземпляра Цена в евро Служебна бележка Служебен тип на артикула
  Не е изгубен Universal Decimal Classification Не е повреден без рестрикции ползва се в читалня 213137 Регионална библиотека "Любен Каравелов" Русе Регионална библиотека "Любен Каравелов" Русе Читалня 2012-11-25 Читалня 22.00 120000761534 Ч 93/94/А 73 С 120000761534 1 11.25 Дост: Pk Вид: Ф N: 321 Дата: 19.11.2012 Дата инв: 28.03.2017 Бележки инв: Ч2017 Книги
Vip Innovations Ltd, Rousse, Bulgaria 2025